000 00577nam a2200229Ia 4500
003 OSt
005 20221006151548.0
006 a|||||r|||| 00| 0
007 ta
008 221006b |||||||| |||| 00| 0 eng d
020 _c79.20
024 _a22,560
037 _cTextual
040 _aEASL
_cEASL
_beng
041 _2eng
_aeng
100 _aECKSTEIN Alexander
245 0 _aChina economic revolution
260 _aCambridge
_bCambridge University Press
_c1977
300 _a340p.
_ccm.
942 _cTEXL
_2CC
999 _c1090646
_d1090646